Tích hợp giáo dục bảo vệ môi trường trong dạy học vật lý 12
Cơ sở lý luận và thực tiễn của việc tích hợp giáo dục Bảo vệ môi trường trong dạy học vật lí. Thiết kế các phương án dạy học tích hợp giáo dụcBảo vệ môi trường ở một số nội dung kiến thức Vật lý 11.
Đã lưu trong:
| Príomhúdar: | |
|---|---|
| Údair Eile: | |
| Formáid: | Leabhar |
| Teanga: | Vietnamese |
| Foilsithe: |
Hà nội
Đại học Quốc gia Hà Nội - Trường ĐH Giáo dục
2013
|
| Ábhair: | |
| Clibeanna: |
Cuir Clib Leis
Gan Chlibeanna, Bí ar an gcéad duine leis an taifead seo a chlibeáil!
|
| Thư viện lưu trữ: | Mạng thư viện Đại học Đà Nẵng |
|---|
| LEADER | 01838nam a2200373 4500 | ||
|---|---|---|---|
| 001 | 000020353 | ||
| 003 | 16798 | ||
| 005 | 20150316150339.0 | ||
| 008 | 150316s2013 viesd | ||
| 041 | |a vie | ||
| 082 | 1 | 4 | |a 530.0712 |b PH-H |
| 100 | |a Phạm Minh Hải | ||
| 245 | 1 | |a Tích hợp giáo dục bảo vệ môi trường trong dạy học vật lý 12 |c Phạm Minh Hải ; Tôn Diệu Nga hướng dẫn. |k Luận văn Thạc sĩ | |
| 260 | |a Hà nội |b Đại học Quốc gia Hà Nội - Trường ĐH Giáo dục |c 2013 | ||
| 300 | |a 108 tr. |c 29 cm. | ||
| 500 | |a Luận văn thạc sĩ Khoa học. Chuyên ngành: Lý luận và phương pháp dạy học ( bộ môn Vật Lý). Mã số: 60.14.10 | ||
| 520 | |a Cơ sở lý luận và thực tiễn của việc tích hợp giáo dục Bảo vệ môi trường trong dạy học vật lí. Thiết kế các phương án dạy học tích hợp giáo dụcBảo vệ môi trường ở một số nội dung kiến thức Vật lý 11. | ||
| 650 | 0 | 4 | |a Vật lý |v Luận văn tôt nghiệp |x Bảo vệ môi trường |x Giáo dục trung học |
| 653 | |a Vật lý 12 | ||
| 653 | |a Phương pháp dạy học | ||
| 653 | |a Bảo vệ môi trường | ||
| 653 | |a Phướng pháp dạy học môn Lý | ||
| 653 | |a Giáo dục THPT | ||
| 700 | 1 | |a Tôn Diệu Nga |c TS. |e Hướng dẫn | |
| OWN | |a LSP | ||
| AVA | |a UDN50 |b LSP |d 530.0712 PH-H |e available |t Error 5001 Not defined in file expand_doc_bib_avail. |f 1 |g 0 |h N |i 0 |k 1 | ||
| 999 | |a From the UDN01 | ||
| AVA | |a UDN50 |b LSP |d 530.0712 PH-H |e available |t Error 5001 Not defined in file expand_doc_bib_avail. |f 1 |g 0 |h N |i 0 |k 1 | ||
| TYP | |a Monograph | ||
| TYP | |a Printed language | ||
| 980 | |a Mạng thư viện Đại học Đà Nẵng | ||